Đồng dao Thái ở Nghệ An
Giới thiệu tập thơ và bài hát truyền thống cho trẻ em Thái ở Nghệ An. Cuốn sách được cấu trúc thành 3 phần. Nội dung của những vần điệu được giới thiệu trong cuốn sách tập trung vào các chủ đề: gọi bướm, gọi trăng sao, cầu mưa, đếm hoa nong, hát đố, trốn tìm......
Đã lưu trong:
| Tác giả chính: | |
|---|---|
| Định dạng: | Sách |
| Năm xuất bản: |
H.
Văn hóa dân tộc
2018
|
| Chủ đề: | |
| Truy cập Trực tuyến: | . |
| Tags: |
Thêm thẻ
Không có thẻ, Hãy là người đầu tiên gắn thẻ bản ghi này!
|
| LEADER | 01115nam a2200169 4500 | ||
|---|---|---|---|
| 999 | |c 15741 |d 15741 | ||
| 082 | |a 398.8 |b QU105V | ||
| 100 | |a Quán Vi Miên | ||
| 245 | |a Đồng dao Thái ở Nghệ An |c Quán Vi Miên sưu tầm, biên dịch | ||
| 260 | |a H. |b Văn hóa dân tộc |c 2018 | ||
| 300 | |a 275tr. |c 21cm. | ||
| 500 | |a Đầu trang tên sách ghi: Liên hiệp các hội văn học nghệ thuật Việt Nam. Hội Văn học nghệ thuật các dân tộc thiểu số Việt Nam | ||
| 520 | |a Giới thiệu tập thơ và bài hát truyền thống cho trẻ em Thái ở Nghệ An. Cuốn sách được cấu trúc thành 3 phần. Nội dung của những vần điệu được giới thiệu trong cuốn sách tập trung vào các chủ đề: gọi bướm, gọi trăng sao, cầu mưa, đếm hoa nong, hát đố, trốn tìm... | ||
| 653 | |a Văn hóa dân gian |a Dân tộc Thái |a Nghệ An |a Đồng dao |a Việt Nam | ||
| 856 | |u . | ||
| 942 | |2 ddc |c SH | ||
| 952 | |0 0 |1 0 |2 ddc |4 0 |6 398_800000000000000_QU105V |7 0 |8 300 |9 117765 |a qbu |b qbu |c D2 |d 2020-05-15 |g 35000 |o 398.8 QU105V |p 12923.c1 |r 2020-05-15 |w 2020-05-15 |y SH | ||